Premium & Streaming Services by Show - Statistics

General Stats
  • This quiz has been taken 47 times
  • The average score is 6 of 10
Answer Stats
Show Service % Correct
Game of Thrones HBO
97%
The Mandalorian Disney+
87%
Ozark Netflix
81%
The Morning Show Apple TV Plus
61%
Goliath Amazon Prime Video
45%
Cobra Kai Youtube
45%
Harlots Hulu
42%
Homeland Showtime
32%
Outlander Starz
32%
The Good Fight CBS All Access
29%
No matching quizzes found
Score Distribution
Percent of People with Each Score
Percentile by Number Answered
Your Score History
You have not taken this quiz